000 00415nam a2200181Ia 4500
008 151202s9999||||xx |||||||||||||| ||und||
082 _bPNVM-2711
100 _aEASTMAN MAX.
245 _aSTALINS RUSSIA.
260 _b"V. G. A. , LONDON."
260 _c0
300 _a0
600 _aEASTMAN MAX.
630 _aSTALINS RUSSIA.
700 _aEASTMAN MAX.
730 _aSTALINS RUSSIA.
942 _cBOOK
999 _c1268709
_d1268706